00660nam a22002057a 450000500170000001000130001702000110003003500130004103700160005404000120007008200190008210000180010124501480011926000400026727000570030730000220036465000210038665000270040770000200043420170124110250.0 aB-165975 c990.00 aB-165975 bCen Lib/Ret aDPLbEN a347.54077bBIS aBissa, Raman  aCTR year book 2006 :cby Raman Bissa [and] Rajesh Kapoor ba complete digest of judgments reported during the year 2005 in CTR,ITR and Taxman / aJodhpurbCurrent Tax Reporterc2006 bJodhpura'Archana', 34-Heavy Industrial Areae342003 a1047p. c22cm(Hb) aYear book - 2006 aTax - income and gift  aKapoor, Rajesh